00409nam a2200157Ia 4500008004100000020001500041041001200056082001100068100001500079245006700094250000800161260003900169300000900208650001600217700001800233221030s9999 xx 000 0 und d a8131716250 aEnglish a105.23 aR. Elmasri 0aFundamentals of Database Systemscby R. Elmasri, S. B. Navathe a5th bPearson EdcuationaNew Delhic2008 a1143 aBE Computer aS. B. Navathe